Národnoštátny záujem a národnostné menšiny
Národnoštátny záujem ako úsilie o zachovanie bezpečnosti a suverenity štátu ako aj snaha o zabezpečenie jeho medzinárodného vplyvu. Vnútorný aspekt národnoštátneho záujmu. Problematika 12 národnostných menšín žijúcich v Slovenskej republike. Ústretové kroky slovenskej vlády. Rozvoj kultúry národnost...
Enregistré dans:
| Auteur principal: | |
|---|---|
| Format: | Chapitre de livre |
| Langue: | slovaque |
| Sujets: | |
| Tags: |
Pas de tags, Soyez le premier à ajouter un tag!
|
MARC
| LEADER | 00000naa$a2200000$$$4500 | ||
|---|---|---|---|
| 001 | 0053081 | ||
| 005 | 20240611082501.1 | ||
| 041 | 0 | |a slo | |
| 044 | |a SK | ||
| 245 | 1 | 0 | |a Národnoštátny záujem a národnostné menšiny |c Miroslav Kupkovič |
| 520 | |a Národnoštátny záujem ako úsilie o zachovanie bezpečnosti a suverenity štátu ako aj snaha o zabezpečenie jeho medzinárodného vplyvu. Vnútorný aspekt národnoštátneho záujmu. Problematika 12 národnostných menšín žijúcich v Slovenskej republike. Ústretové kroky slovenskej vlády. Rozvoj kultúry národnostných menšín na Slovensku. Národnostné menšiny v slovenskej vláde. | ||
| 610 | 2 | 0 | |a štát |
| 610 | 2 | 0 | |a bezpečnosť |
| 610 | 2 | 0 | |a suverenita štátna |
| 610 | 2 | 0 | |a národ |
| 610 | 2 | 0 | |a národnosti |
| 610 | 2 | 0 | |a menšiny národnostné |
| 610 | 2 | 0 | |a legislatíva |
| 610 | 2 | 0 | |a vláda |
| 610 | 2 | 0 | |a kultúra |
| 610 | 2 | 0 | |a školstvo |
| 610 | 2 | 0 | |a vzdelávanie |
| 100 | 1 | |a Kupkovič, Miroslav | |